[Event "POL-chT U26 rapid"]
[Site "Hucisko"]
[Date "2016.01.16"]
[Round "1.8"]
[White "Tazbir, Marcin"]
[Black "Latocha, Aleksander"]
[Result "1-0"]
[WhiteElo "2524"]
[BlackElo "1947"]
[PlyCount "93"]
[EventDate "2016.01.16"]
[EventType "team-swiss (rapid)"]
[EventRounds "9"]
[EventCountry "POL"]
[SourceTitle "CBM 170 Extra"]
[Source "ChessBase"]
[SourceDate "2016.02.25"]
[SourceVersion "1"]
[SourceVersionDate "2016.02.25"]
[SourceQuality "1"]
[WhiteTeam "Katowice UE"]
[BlackTeam "Katowice US"]
[WhiteTeamCountry "POL"]
[BlackTeamCountry "POL"]

1. c4 Nf6 2. g3 g6 3. Bg2 Bg7 4. Nc3 e5 5. Nf3 d6 6. 0-0 0-0 7. d3 Nc6 8. Rb1 Nd4 9. Nd2 c6 10. e3 Ne6 11. Nde4 Nxe4 12. dxe4 Qe7 13. Qd2 f5 14. exf5 gxf5 15. b3 Ng5 16. Ba3 Rf6 17. Rbd1 Bf8 18. f4 exf4 19. exf4 Ne4 20. Qc2 Nxc3 21. Qxc3 Bd7 22. Rfe1 Qf7 23. Bb2 Bg7 24. Qa5 Re6 25. Bxg7 Kxg7 26. Rxe6 Qxe6 27. Qc7 Re8 28. h3 Re7 29. Qxd6 Qxd6 30. Rxd6 Be8 31. Kf2 Rd7 32. Rxd7+ Bxd7 33. Bf3 Kf6 34. Ke3 b6 35. Kd4 Ke6 36. c5 Kf6 37. a4 Ke6 38. b4 Be8 39. g4 fxg4 40. hxg4 Kf6 41. cxb6 axb6 42. a5 bxa5 43. bxa5 Bd7 44. Kc5 Ke6 45. a6 Bc8 46. a7 Bb7 47. Bxc6 1-0

[Event "POL-ch U16"]
[Site "Murzasichle"]
[Date "2011.03.07"]
[Round "4"]
[White "Latocha, Aleksander"]
[Black "Pietruszewski, Marcin"]
[Result "0-1"]
[WhiteElo "1932"]
[BlackElo "2104"]
[PlyCount "54"]
[EventDate "2011.03.05"]
[EventType "swiss"]
[EventRounds "9"]
[EventCountry "POL"]
[SourceTitle "EXT 2012"]
[Source "ChessBase"]
[SourceDate "2011.11.24"]
[SourceVersion "1"]
[SourceVersionDate "2011.11.24"]
[SourceQuality "1"]

1. e4 c6 2. d4 d5 3. Nc3 dxe4 4. Nxe4 Bf5 5. Ng3 Bg6 6. h4 h6 7. h5 Bh7 8. Nf3 Nd7 9. Bd3 Bxd3 10. Qxd3 Ngf6 11. Bd2 e6 12. 0-0-0 Qc7 13. c4 Bd6 14. Ne4 Nxe4 15. Qxe4 Nf6 16. Qe2 b5 17. cxb5 cxb5+ 18. Kb1 0-0 19. Ne5 Rac8 20. Rc1 Qb7 21. f3 Qd5 22. Qe3 Rfd8 23. Ba5 Re8 24. Rxc8 Rxc8 25. a3 a6 26. Bc3 Bxa3 27. g4 Qb3 0-1

[Event "POL-ch U16"]
[Site "Murzasichle"]
[Date "2011.03.07"]
[Round "3"]
[White "Popiol, Michal"]
[Black "Latocha, Aleksander"]
[Result "0-1"]
[WhiteElo "1803"]
[BlackElo "1932"]
[PlyCount "84"]
[EventDate "2011.03.05"]
[EventType "swiss"]
[EventRounds "9"]
[EventCountry "POL"]
[SourceTitle "EXT 2012"]
[Source "ChessBase"]
[SourceDate "2011.11.24"]
[SourceVersion "1"]
[SourceVersionDate "2011.11.24"]
[SourceQuality "1"]

1. d4 d5 2. c4 e6 3. Nc3 Be7 4. Nf3 Nf6 5. Bg5 h6 6. Bh4 0-0 7. e3 b6 8. cxd5 Nxd5 9. Bxe7 Qxe7 10. Nxd5 exd5 11. Bd3 Be6 12. Rc1 c5 13. 0-0 Rc8 14. e4 Nd7 15. Re1 Qd6 16. Bb1 Re8 17. Qc2 dxe4 18. Qxe4 Nf6 19. dxc5 bxc5 20. Qe5 Qb6 21. Qc3 Rac8 22. Ne5 Bd5 23. Bf5 Rc7 24. b3 Rce7 25. Nd3 g6 26. Bh3 Rxe1+ 27. Rxe1 Rxe1+ 28. Qxe1 c4 29. bxc4 Bxc4 30. Ne5 Bxa2 31. g3 a5 32. Qd1 Qb1 33. Qxb1 Bxb1 34. Nc4 a4 35. Bf1 Bc2 36. Na3 Bb3 37. Bb5 Kf8 38. f3 Ke7 39. Kf2 Kd6 40. Bxa4 Bxa4 41. Nc4+ Ke6 42. g4 Bc6 0-1

[Event "Rewal op-A 15th"]
[Site "Rewal"]
[Date "2010.08.21"]
[Round "3"]
[White "Spicak, Krzysztof"]
[Black "Latocha, Aleksander"]
[Result "1-0"]
[WhiteElo "2026"]
[BlackElo "1929"]
[PlyCount "85"]
[EventDate "2010.08.19"]
[EventType "swiss"]
[EventRounds "9"]
[EventCountry "POL"]
[SourceTitle "EXT 2013"]
[Source "ChessBase"]
[SourceDate "2012.11.22"]
[SourceVersion "1"]
[SourceVersionDate "2012.11.22"]
[SourceQuality "1"]

1. e4 c5 2. Nc3 d6 3. f4 Nc6 4. Bc4 g6 5. Nf3 Bg7 6. 0-0 e6 7. f5 exf5 8. d3 Nge7 9. Qe1 0-0 10. Qh4 a6 11. a4 Qc7 12. Bg5 Be6 13. Nd5 Nxd5 14. exd5 Bxd5 15. Bxd5 Bxb2 16. Rab1 Bg7 17. Bxc6 Qxc6 18. a5 b5 19. axb6 Rab8 20. Qg3 f6 21. Bf4 Rfd8 22. b7 Bf8 23. h4 Rxb7 24. Rxb7 Qxb7 25. h5 g5 26. Bxg5 Qg7 27. Bf4 Qxg3 28. Bxg3 d5 29. Nh4 c4 30. Nxf5 cxd3 31. cxd3 Kf7 32. Ra1 d4 33. Rxa6 Rd5 34. Nd6+ Bxd6 35. Rxd6 Rxh5 36. Rxd4 Kg6 37. Rd8 f5 38. Bf4 Rh4 39. g3 Rg4 40. Kf2 Kf6 41. Rd6+ Ke7 42. Ra6 h5 43. Rh6 1-0

[Event "POL-chT U19 2nd League"]
[Site "Chelm Lubelski"]
[Date "2010.07.11"]
[Round "7"]
[White "Chmielarz, Maciej"]
[Black "Latocha, Aleksander"]
[Result "1-0"]
[WhiteElo "1722"]
[BlackElo "1929"]
[PlyCount "81"]
[EventDate "2010.07.06"]
[EventType "team-tourn"]
[EventRounds "11"]
[EventCountry "POL"]
[SourceTitle "EXT 2011"]
[Source "ChessBase"]
[SourceDate "2010.11.26"]
[SourceVersion "1"]
[SourceVersionDate "2010.11.26"]
[SourceQuality "1"]
[WhiteTeam "Ostrow Wielkopolski II"]
[BlackTeam "Imielin MKSz Diagonalia U19"]
[WhiteTeamCountry "POL"]
[BlackTeamCountry "POL"]

1. d4 d5 2. c4 c6 3. cxd5 cxd5 4. Nc3 Nc6 5. Nf3 Nf6 6. Bf4 e6 7. e3 Bd6 8. Bxd6 Qxd6 9. Bd3 0-0 10. 0-0 Bd7 11. Rc1 Rfc8 12. Qe2 a6 13. Nd2 Na5 14. f4 b5 15. Nf3 Ra7 16. Rc2 Rac7 17. Rfc1 Nc4 18. Ne5 Qb6 19. Nd1 Nd6 20. g4 Qb7 21. g5 Rxc2 22. Rxc2 Nfe4 23. Nf2 Nxf2 24. Kxf2 Be8 25. b3 Rxc2 26. Qxc2 Ne4+ 27. Bxe4 dxe4 28. h4 f6 29. gxf6 gxf6 30. Ng4 Qg7 31. Nh2 Qh6 32. Qxe4 Qxh4+ 33. Kg2 Kf7 34. Qb7+ Kg6 35. Qxa6 Qh5 36. Qxe6 Qe2+ 37. Kg3 Qe1+ 38. Kh3 Bd7 39. f5+ Kh5 40. Qf7+ Kh6 41. Ng4+ 1-0

[Event "POL-chT U19 2nd League"]
[Site "Chelm Lubelski"]
[Date "2010.07.06"]
[Round "2"]
[White "Latocha, Aleksander"]
[Black "Kielbasa, Dominik"]
[Result "1-0"]
[WhiteElo "1929"]
[BlackElo "1352"]
[PlyCount "52"]
[EventDate "2010.07.06"]
[EventType "team-tourn"]
[EventRounds "11"]
[EventCountry "POL"]
[SourceTitle "EXT 2011"]
[Source "ChessBase"]
[SourceDate "2010.11.26"]
[SourceVersion "1"]
[SourceVersionDate "2010.11.26"]
[SourceQuality "1"]
[WhiteTeam "Imielin MKSz Diagonalia U19"]
[BlackTeam "Lesniowice U19"]
[WhiteTeamCountry "POL"]
[BlackTeamCountry "POL"]

1. e4 e5 2. Nf3 Nc6 3. Bc4 Bc5 4. 0-0 Nf6 5. d4 exd4 6. e5 d5 7. exf6 dxc4 8. Re1+ Be6 9. fxg7 Rg8 10. Ng5 Qf6 11. Nxe6 fxe6 12. Qh5+ Kd7 13. Qxc5 Qxg7 14. g3 Raf8 15. Qxc4 Qf6 16. f4 e5 17. Rf1 Qh4 18. Kg2 exf4 19. Bxf4 Rg4 20. Qd5+ Kc8 21. Qe6+ Kb8 22. Bg5 Qxg5 23. Rxf8+ Nd8 24. Qxg4 Qxg4 25. Rxd8+ Qc8 26. Rxc8+ Kxc8 1-0

[Event "POL-ch U16"]
[Site "Karpacz"]
[Date "2010.03.11"]
[Round "8"]
[White "Latocha, Aleksander"]
[Black "Prazmowski, Bartosz"]
[Result "1/2-1/2"]
[WhiteElo "1923"]
[BlackElo "1862"]
[PlyCount "99"]
[EventDate "2010.03.06"]
[EventType "swiss"]
[EventRounds "11"]
[EventCountry "POL"]
[SourceTitle "CBM 135 Extra"]
[Source "ChessBase"]
[SourceDate "2010.05.04"]
[SourceVersion "1"]
[SourceVersionDate "2010.05.04"]
[SourceQuality "1"]

1. e4 c6 2. d4 d5 3. exd5 cxd5 4. c4 Nf6 5. Nc3 e6 6. Nf3 Be7 7. cxd5 Nxd5 8. Bb5+ Bd7 9. Bxd7+ Nxd7 10. Nxd5 exd5 11. 0-0 0-0 12. Re1 Bb4 13. Bd2 Bxd2 14. Qxd2 Nf6 15. Qb4 b6 16. Rac1 Ne4 17. Ne5 Qh4 18. Rc2 Ng5 19. Rec1 Ne6 20. Nf3 Qg4 21. h3 Qe4 22. Qd2 Nf4 23. Kh2 Qf5 24. Ne5 Ne6 25. f3 h6 26. a3 Rfe8 27. Rc3 f6 28. Nc6 h5 29. Re1 Kh7 30. Qc2 Qxc2 31. Rxc2 Nf4 32. Rxe8 Rxe8 33. Nxa7 h4 34. Nb5 Re1 35. Nc3 Nh5 36. Ne2 Rd1 37. g3 hxg3+ 38. Nxg3 Nf4 39. Ne2 Nxe2 40. Rxe2 Rxd4 41. Kg3 b5 42. Re3 b4 43. a4 b3 44. Rxb3 Rxa4 45. Rb5 Rd4 46. Kf2 g5 47. Ke3 Rd1 48. Rb4 Re1+ 49. Kd4 Rd1+ 50. Ke3 1/2-1/2

[Event "POL-ch U16"]
[Site "Karpacz"]
[Date "2010.03.10"]
[Round "7"]
[White "Jacek, Krystian"]
[Black "Latocha, Aleksander"]
[Result "1-0"]
[WhiteElo "2052"]
[BlackElo "1923"]
[PlyCount "43"]
[EventDate "2010.03.06"]
[EventType "swiss"]
[EventRounds "11"]
[EventCountry "POL"]
[SourceTitle "CBM 135 Extra"]
[Source "ChessBase"]
[SourceDate "2010.05.04"]
[SourceVersion "1"]
[SourceVersionDate "2010.05.04"]
[SourceQuality "1"]

1. e4 c5 2. Nf3 d6 3. d4 cxd4 4. Nxd4 Nf6 5. Nc3 a6 6. Bg5 e6 7. f4 b5 8. e5 dxe5 9. fxe5 Qc7 10. exf6 Qe5+ 11. Be2 Qxg5 12. Qd3 Ra7 13. Ne4 Qe5 14. Nf3 Qxb2 15. 0-0 Rd7 16. Qe3 Bb7 17. Rab1 Qxc2 18. Nfg5 h6 19. Rbc1 Qxa2 20. Nxf7 Rxf7 21. Bh5 Qd5 22. Bxf7+ 1-0

[Event "POL-ch U16"]
[Site "Karpacz"]
[Date "2010.03.09"]
[Round "5"]
[White "Licznerski, Lukasz"]
[Black "Latocha, Aleksander"]
[Result "1-0"]
[WhiteElo "2001"]
[BlackElo "1923"]
[PlyCount "49"]
[EventDate "2010.03.06"]
[EventType "swiss"]
[EventRounds "11"]
[EventCountry "POL"]
[SourceTitle "CBM 135 Extra"]
[Source "ChessBase"]
[SourceDate "2010.05.04"]
[SourceVersion "1"]
[SourceVersionDate "2010.05.04"]
[SourceQuality "1"]

1. e4 c5 2. Nf3 d6 3. d4 cxd4 4. Qxd4 Nc6 5. Bb5 Bd7 6. Bxc6 Bxc6 7. Nc3 Nf6 8. Bg5 e6 9. 0-0-0 Be7 10. Qd3 a6 11. Nd4 Qc7 12. f4 h6 13. Bxf6 gxf6 14. f5 e5 15. Nde2 Qa5 16. Kb1 0-0-0 17. Qc4 Rh7 18. Nd5 Kd7 19. Nec3 b5 20. Qd3 Ke8 21. Qg3 Kf8 22. b4 Qa3 23. Rd3 Rg7 24. Qf3 a5 25. Nd1 1-0

[Event "POL-ch U16"]
[Site "Karpacz"]
[Date "2010.03.07"]
[Round "2"]
[White "Musialkiewicz, Jan"]
[Black "Latocha, Aleksander"]
[Result "0-1"]
[WhiteElo "2164"]
[BlackElo "1923"]
[PlyCount "54"]
[EventDate "2010.03.06"]
[EventType "swiss"]
[EventRounds "11"]
[EventCountry "POL"]
[SourceTitle "CBM 135 Extra"]
[Source "ChessBase"]
[SourceDate "2010.05.04"]
[SourceVersion "1"]
[SourceVersionDate "2010.05.04"]
[SourceQuality "1"]

1. e4 e5 2. Nf3 Nf6 3. Nxe5 d6 4. Nf3 Nxe4 5. Nc3 Nxc3 6. dxc3 Be7 7. Be3 Bg4 8. Be2 Nc6 9. Qd2 Qd7 10. h3 Bh5 11. 0-0-0 f5 12. Ne5 Nxe5 13. Bxh5+ g6 14. Bd4 Qa4 15. Qf4 Qxa2 16. Bxe5 dxe5 17. Qxe5 Qa1+ 18. Kd2 0-0-0+ 19. Ke3 Qxb2 20. Rxd8+ Rxd8 21. Qxe7 Qxc3+ 22. Kf4 Qc4+ 23. Kg5 gxh5 24. Qxh7 Rg8+ 25. Kf6 Qc6+ 26. Ke5 Qe4+ 27. Kf6 Rf8+ 0-1

[Event "Polanica Zdroj op-B 45th"]
[Site "Polanica Zdroj"]
[Date "2009.08.26"]
[Round "9"]
[White "Latocha, Aleksander"]
[Black "Ulanowski, Karol"]
[Result "1-0"]
[WhiteElo "1867"]
[BlackElo "1777"]
[PlyCount "45"]
[EventDate "2009.08.18"]
[EventType "swiss"]
[EventRounds "10"]
[EventCountry "POL"]
[SourceTitle "CBM 131 Extra"]
[Source "ChessBase"]
[SourceDate "2009.09.03"]
[SourceVersion "2"]
[SourceVersionDate "2009.09.16"]
[SourceQuality "1"]

1. e4 e5 2. f4 exf4 3. Bc4 d6 4. Nf3 h6 5. d4 g5 6. 0-0 Bg7 7. Nc3 Bg4 8. g3 fxg3 9. Bxf7+ Kxf7 10. Ne5+ Ke8 11. Qxg4 gxh2+ 12. Kh1 dxe5 13. Qh5+ Kd7 14. Rf7+ Kc8 15. Qh3+ Nd7 16. Rxg7 exd4 17. Bxg5 Qe8 18. Rd1 Ngf6 19. Bxf6 Rf8 20. Re7 Qd8 21. Nd5 c6 22. Rf7 Qe8 23. Rxf8 1-0

[Event "Polanica Zdroj op-B 45th"]
[Site "Polanica Zdroj"]
[Date "2009.08.24"]
[Round "7"]
[White "Latocha, Aleksander"]
[Black "Gromczak, Dariusz"]
[Result "0-1"]
[WhiteElo "1867"]
[BlackElo "2057"]
[PlyCount "76"]
[EventDate "2009.08.18"]
[EventType "swiss"]
[EventRounds "10"]
[EventCountry "POL"]
[SourceTitle "CBM 131 Extra"]
[Source "ChessBase"]
[SourceDate "2009.09.03"]
[SourceVersion "2"]
[SourceVersionDate "2009.09.16"]
[SourceQuality "1"]

1. e4 c5 2. Nf3 Nc6 3. d4 cxd4 4. Nxd4 Nf6 5. Nc3 g6 6. Bg5 Bg7 7. Nb3 d6 8. Be2 a6 9. 0-0 h6 10. Bh4 0-0 11. f4 b5 12. Bf3 b4 13. Nd5 Nxd5 14. exd5 Na5 15. Nd4 Bd7 16. c3 bxc3 17. bxc3 Rc8 18. Rc1 Rc4 19. Re1 Re8 20. Bf2 Qc7 21. Be2 Rxc3 22. Rxc3 Qxc3 23. Bxa6 Bf6 24. Re2 Ra8 25. Qd3 Qc1+ 26. Re1 Qxf4 27. g3 Qg4 28. Re4 Qh5 29. g4 Qxd5 30. Nb3 Qxd3 31. Bxd3 Nxb3 32. axb3 Ra1+ 33. Bf1 Rb1 34. b4 Bb5 35. Re1 Rxb4 36. h3 Bxf1 37. Kxf1 Rf4 38. Kg2 Rxf2+ 0-1

[Event "Pszczyna op"]
[Site "Pszczyna"]
[Date "2009.07.19"]
[Round "9"]
[White "Pipala, Janusz"]
[Black "Latocha, Aleksander"]
[Result "0-1"]
[WhiteElo "1977"]
[BlackElo "1867"]
[PlyCount "92"]
[EventDate "2009.07.14"]
[EventType "swiss"]
[EventRounds "9"]
[EventCountry "POL"]
[SourceTitle "CBM 131 Extra"]
[Source "ChessBase"]
[SourceDate "2009.09.03"]
[SourceVersion "2"]
[SourceVersionDate "2009.09.16"]
[SourceQuality "1"]

1. Nf3 Nf6 2. d4 d5 3. c4 e6 4. Nc3 c6 5. Bg5 dxc4 6. e4 b5 7. Be2 Be7 8. Qc2 Bb7 9. 0-0 Nbd7 10. e5 Nd5 11. Ne4 0-0 12. Bxe7 Qxe7 13. Neg5 g6 14. h4 c5 15. dxc5 Nxc5 16. Nd4 a6 17. a4 Nxa4 18. Ra3 c3 19. Rxa4 bxa4 20. bxc3 Rfc8 21. Ne4 Nb4 22. Qxa4 Bxe4 23. cxb4 Qxh4 24. Nf3 Qg4 25. Re1 h5 26. Qa3 Bd5 27. Ra1 Bc4 28. Bxc4 Qxc4 29. Qe3 Qxb4 30. Qh6 Qf8 31. Qg5 a5 32. Nd2 Qd8 33. Qf4 Kg7 34. Ne4 Rc4 35. Qf3 a4 36. Nd6 Rc7 37. Ra3 Rc1+ 38. Kh2 Qh4+ 39. Qh3 Qxh3+ 40. gxh3 Rb1 41. Rf3 a3 42. Rxf7+ Kg8 43. Rd7 a2 44. Ne4 Rf8 45. h4 a1Q 46. Nf6+ Rxf6 0-1

[Event "POL-chT U14 15th"]
[Site "Sielpia"]
[Date "2009.05.04"]
[Round "10"]
[White "Latocha, Aleksander"]
[Black "Dragun, Kamil"]
[Result "1/2-1/2"]
[WhiteElo "1813"]
[BlackElo "2217"]
[PlyCount "85"]
[EventDate "2009.04.27"]
[EventType "team-tourn"]
[EventRounds "10"]
[EventCountry "POL"]
[SourceTitle "EXT 2011"]
[Source "ChessBase"]
[SourceDate "2010.11.26"]
[SourceVersion "1"]
[SourceVersionDate "2010.11.26"]
[SourceQuality "1"]

1. e4 c5 2. Nf3 d6 3. d4 cxd4 4. Nxd4 Nf6 5. Nc3 Nc6 6. Be2 g6 7. Bg5 Bg7 8. Nb3 0-0 9. 0-0 a6 10. f4 b5 11. Bf3 Bb7 12. Nd5 Nd7 13. c3 Nb6 14. Na5 Nxd5 15. Nxc6 Qb6+ 16. Rf2 Qxc6 17. exd5 Qc7 18. Re2 Rae8 19. Qd2 h6 20. Bh4 Kh7 21. Rae1 e5 22. dxe6 Bxf3 23. gxf3 fxe6 24. Rxe6 Rxe6 25. Rxe6 Qc4 26. Re4 Qxa2 27. Re7 Rf7 28. Rxf7 Qxf7 29. Qxd6 Qf5 30. Qd2 Qh5 31. Bf2 Qxf3 32. Bd4 Qg4+ 33. Kf2 Qh3 34. Kg1 Qd7 35. Qe3 a5 36. Bxg7 Qxg7 37. Qb6 Qd7 38. Qxa5 Qg4+ 39. Kh1 Qf3+ 40. Kg1 Qe3+ 41. Kg2 Qe4+ 42. Kg1 Qb1+ 43. Kg2 1/2-1/2

[Event "POL-chT U14 15th"]
[Site "Sielpia"]
[Date "2009.04.30"]
[Round "5"]
[White "Latocha, Aleksander"]
[Black "Mika, Tomasz1111"]
[Result "1-0"]
[WhiteElo "1813"]
[BlackElo "1687"]
[PlyCount "95"]
[EventDate "2009.04.27"]
[EventType "team-tourn"]
[EventRounds "10"]
[EventCountry "POL"]
[SourceTitle "EXT 2011"]
[Source "ChessBase"]
[SourceDate "2010.11.26"]
[SourceVersion "1"]
[SourceVersionDate "2010.11.26"]
[SourceQuality "1"]

1. e4 c5 2. Nf3 e6 3. d4 cxd4 4. Nxd4 Nf6 5. Nc3 Nc6 6. Ndb5 Bb4 7. a3 Bxc3+ 8. Nxc3 d5 9. exd5 exd5 10. Bd3 d4 11. Ne2 0-0 12. 0-0 Bg4 13. h3 Bh5 14. Bf4 Nd5 15. Qd2 Re8 16. Bg3 Qf6 17. Nf4 Nxf4 18. Bxf4 Ne5 19. Bxe5 Rxe5 20. f4 Re3 21. Qf2 h6 22. f5 Qe5 23. Qf4 f6 24. Bc4+ Bf7 25. Bxf7+ Kxf7 26. Rad1 Rd8 27. Rd2 Re1 28. Qf3 Re3 29. Qxb7+ Kg8 30. Qxa7 Re1 31. Qa6 Qe3+ 32. Rdf2 d3 33. Qc4+ Kh7 34. cxd3 Rd4 35. Qc3 Re2 36. Qc1 Qxd3 37. Rxe2 Qxe2 38. Re1 Qb5 39. Qc2 Qd5 40. b4 Rd2 41. Qe4 Qa2 42. Qf3 Rb2 43. Qg3 Re2 44. Rxe2 Qxe2 45. Kh2 Qe4 46. b5 Qxf5 47. b6 Qd7 48. Qc7 1-0

[Event "POL-chT U14 15th"]
[Site "Sielpia"]
[Date "2009.04.28"]
[Round "2"]
[White "Zareba, Grzegorz"]
[Black "Latocha, Aleksander"]
[Result "0-1"]
[WhiteElo "1722"]
[BlackElo "1813"]
[PlyCount "104"]
[EventDate "2009.04.27"]
[EventType "team-tourn"]
[EventRounds "10"]
[EventCountry "POL"]
[SourceTitle "EXT 2011"]
[Source "ChessBase"]
[SourceDate "2010.11.26"]
[SourceVersion "1"]
[SourceVersionDate "2010.11.26"]
[SourceQuality "1"]

1. c4 Nf6 2. Nc3 g6 3. g3 d5 4. cxd5 Nxd5 5. Bg2 Nxc3 6. bxc3 Bg7 7. Rb1 c6 8. Nf3 0-0 9. Ba3 Re8 10. 0-0 e5 11. Ne1 Na6 12. Nc2 Nc7 13. Ne3 Nb5 14. Bc5 Qa5 15. Qc2 Na3 16. Bxa3 Qxa3 17. Nc4 Qc5 18. Ne3 Rb8 19. Rb2 f5 20. Qa4 Be6 21. Rfb1 b5 22. Qa6 e4 23. a4 Bc8 24. Qa5 a6 25. Nc2 Bf6 26. Qb4 Qe5 27. axb5 axb5 28. Nd4 Qd5 29. Qb3 Bxd4 30. Qxd5+ cxd5 31. cxd4 Bd7 32. e3 Rb7 33. Bf1 Reb8 34. Rc1 Kf7 35. Rc5 Ke6 36. Rb4 Kd6 37. d3 Rc7 38. Rxc7 Kxc7 39. dxe4 fxe4 40. Kg2 Kb6 41. f3 Ka5 42. Rb2 Bf5 43. g4 exf3+ 44. Kxf3 Be6 45. Kg3 Ka4 46. Be2 b4 47. Bd1+ b3 48. Ra2+ Kb4 49. Bxb3 Kxb3 50. Ra7 Rf8 51. Kh4 Rf3 52. Rb7+ Kc3 0-1

[Event "Kolobrzeg op"]
[Site "Kolobrzeg"]
[Date "2008.08.22"]
[Round "5"]
[White "Piesik, Piotr"]
[Black "Latocha, Aleksander"]
[Result "1-0"]
[WhiteElo "2150"]
[BlackElo "1830"]
[PlyCount "51"]
[EventDate "2008.08.18"]
[EventType "swiss"]
[EventRounds "9"]
[EventCountry "POL"]
[SourceTitle "CBM 126 Extra"]
[Source "ChessBase"]
[SourceDate "2008.11.05"]
[SourceVersion "1"]
[SourceVersionDate "2008.11.05"]
[SourceQuality "1"]

1. e4 e5 2. Nc3 Nc6 3. Bc4 Bc5 4. Qg4 g6 5. Qf3 Nf6 6. Nge2 d6 7. h3 h6 8. d3 Na5 9. Nd5 Nxd5 10. Bxd5 Qe7 11. Bd2 Bb6 12. a4 a6 13. 0-0 Nc6 14. c3 Be6 15. b4 Nd8 16. a5 Ba7 17. d4 Bxd5 18. exd5 e4 19. Qe3 f5 20. Rfe1 g5 21. Ng3 0-0 22. f4 Qf7 23. Rf1 Qxd5 24. fxg5 Ne6 25. gxh6 Nxd4 26. Qg5+ 1-0

[Event "Kolobrzeg op"]
[Site "Kolobrzeg"]
[Date "2008.08.20"]
[Round "3"]
[White "Wandzik, Wojciech"]
[Black "Latocha, Aleksander"]
[Result "1/2-1/2"]
[WhiteElo "2063"]
[BlackElo "1830"]
[PlyCount "77"]
[EventDate "2008.08.18"]
[EventType "swiss"]
[EventRounds "9"]
[EventCountry "POL"]
[SourceTitle "CBM 126 Extra"]
[Source "ChessBase"]
[SourceDate "2008.11.05"]
[SourceVersion "1"]
[SourceVersionDate "2008.11.05"]
[SourceQuality "1"]

1. e4 e6 2. d4 d5 3. exd5 exd5 4. Nf3 Nf6 5. Bd3 Bd6 6. 0-0 0-0 7. Bg5 Bg4 8. Nbd2 Nbd7 9. Re1 c6 10. c4 Bh5 11. Qc2 Bg6 12. c5 Bc7 13. Ne5 Qc8 14. Ndf3 Bxe5 15. Nxe5 Re8 16. Nxg6 hxg6 17. f3 Qc7 18. Qd2 Nf8 19. Bf4 Qd7 20. Be5 b6 21. b4 b5 22. a4 a6 23. Ra3 Ra7 24. Rea1 Rea8 25. Qa2 Qb7 26. axb5 cxb5 27. Ra5 N6d7 28. Bg3 Ne6 29. Qb2 Nb8 30. Bxb8 Qxb8 31. g3 Qb7 32. Re1 Qd7 33. Qa1 Nd8 34. Ra2 Nc6 35. Qc3 Re8 36. Rea1 Rea8 37. Bf1 Kf8 38. Kf2 Qf5 39. Qd2 1/2-1/2

[Event "Kolobrzeg op"]
[Site "Kolobrzeg"]
[Date "2008.08.19"]
[Round "2"]
[White "Grabarczyk, Bogdan"]
[Black "Latocha, Aleksander"]
[Result "1-0"]
[WhiteElo "2449"]
[BlackElo "1830"]
[PlyCount "55"]
[EventDate "2008.08.18"]
[EventType "swiss"]
[EventRounds "9"]
[EventCountry "POL"]
[SourceTitle "CBM 126 Extra"]
[Source "ChessBase"]
[SourceDate "2008.11.05"]
[SourceVersion "1"]
[SourceVersionDate "2008.11.05"]
[SourceQuality "1"]

1. e4 e6 2. d4 d5 3. Nc3 Bb4 4. e5 c5 5. Qg4 Ne7 6. dxc5 Bxc3+ 7. bxc3 Qc7 8. Nf3 Qxc5 9. Bd2 Ng6 10. Bd3 Nc6 11. 0-0 Bd7 12. Rfe1 0-0-0 13. Rab1 f5 14. Qg3 Rdf8 15. h4 Be8 16. h5 Nge7 17. Nd4 Nxd4 18. cxd4 Qxd4 19. Qxg7 Bf7 20. Rb4 Qc5 21. Rb5 Qc6 22. Bb4 Rhg8 23. Qf6 Bxh5 24. Qxe7 Rxg2+ 25. Kxg2 Rg8+ 26. Kh2 Kb8 27. Qd6+ Qc7 28. Qxc7+ 1-0

[Event "POL-chT4 Slaskie"]
[Site "Poland"]
[Date "2008.02.10"]
[Round "2.49"]
[White "Latocha, Aleksander"]
[Black "Banasik, Marian"]
[Result "1/2-1/2"]
[WhiteElo "1833"]
[BlackElo "2214"]
[PlyCount "82"]
[EventDate "2008.02.10"]
[EventType "team-swiss"]
[EventRounds "9"]
[EventCountry "POL"]
[SourceTitle "EXT 2019"]
[Source "ChessBase"]
[SourceDate "2018.10.10"]
[SourceVersion "1"]
[SourceVersionDate "2018.10.10"]
[SourceQuality "1"]

1. e4 c5 2. Nf3 Nc6 3. d4 cxd4 4. Nxd4 e5 5. Nb5 a6 6. Nd6+ Bxd6 7. Qxd6 Nf6 8. Nc3 Qe7 9. Qxe7+ Nxe7 10. Bg5 b5 11. Bxf6 gxf6 12. f3 Bb7 13. 0-0-0 f5 14. exf5 Nxf5 15. Bd3 Nh4 16. Be4 Bxe4 17. Nxe4 Ke7 18. Rd2 Rhg8 19. Rhd1 Ra7 20. Ng3 Rg6 21. Re1 Re6 22. Rd5 Nxg2 23. Rexe5 Nf4 24. Rxe6+ dxe6 25. Rd4 e5 26. Rd2 f6 27. Ne4 Rc7 28. c3 b4 29. Kc2 Rc6 30. Kb3 bxc3 31. bxc3 Ke6 32. Rd8 Ne2 33. Rd2 Ng1 34. Rf2 h6 35. c4 f5 36. Nc3 Nh3 37. Re2 Ng5 38. Re3 e4 39. fxe4 Nxe4 40. Nxe4 fxe4 41. Rxe4+ Kf7 1/2-1/2

[Event "POL-chT3 U19 Slaska"]
[Site "Slask"]
[Date "2007.01.27"]
[Round "2.15"]
[White "Polok, Kacper"]
[Black "Latocha, Aleksander"]
[Result "1-0"]
[WhiteElo "1850"]
[BlackElo "1815"]
[PlyCount "49"]
[EventDate "2007.01.27"]
[EventType "team-tourn"]
[EventRounds "11"]
[EventCountry "POL"]
[SourceTitle "EXT 2019"]
[Source "ChessBase"]
[SourceDate "2018.10.10"]
[SourceVersion "1"]
[SourceVersionDate "2018.10.10"]
[SourceQuality "1"]
[WhiteTeam "Katowice Hetman Szopienice U19"]
[BlackTeam "Imielin MKSz Diagonalia U19"]
[WhiteTeamCountry "POL"]
[BlackTeamCountry "POL"]

1. e4 e5 2. Nf3 Nc6 3. Bc4 Bc5 4. c3 Nf6 5. d3 h6 6. b4 Bd6 7. Nbd2 a6 8. a4 Be7 9. Qb3 0-0 10. Nf1 d6 11. Ng3 Bg4 12. h3 Bd7 13. 0-0 Na7 14. d4 exd4 15. Nxd4 c5 16. Ndf5 b5 17. axb5 axb5 18. Bd5 Nxd5 19. Qxd5 Bf6 20. bxc5 Bxc3 21. Ra6 Be6 22. Qxd6 Bc4 23. Rd1 b4 24. Ne7+ Kh7 25. Qxh6+ 1-0